000
00313nam a22001337a 4500
005
20150813115348.0
008
150813b xxu||||| |||| 00| 0 eng d
040
_c
PK-LaUMT
082
_a
KHC 303.3409
_b
AAH-
245
_a
آہ قائد ملت
_c
[ ]
260
_a
[ ]
_b
[ ]
_c
[N.D]
300
_a
201 ص
942
_c
BK
999
_c
73881
_d
73881